The National university, enduring dream of the USA.

Bibliographic Details
Main Author: Madsen, David, 1929-
Format: Book
Language:English
Published: Detroit : Wayne State University Press, 1966.
Subjects:

MARC

Tag First Indicator Second Indicator Subfields
LEADER 00000cam a22000001 4500
001 in00000082583
005 20160114123720.0
008 731212s1966 miu b 00000 eng
010 |a  66022036  
035 |a (OCoLC)00176144 
035 |9 AAH6055AM 
040 |a DLC  |c DLC  |d TXA  |d UtOrBLW 
049 |a TXAM  |c [471617] 
050 0 0 |a LA226  |b .M25 
082 0 |a 378.73 
092 |a 378.73  |b M183n, 1966 
100 1 |a Madsen, David,  |d 1929- 
245 1 4 |a The National university, enduring dream of the USA. 
264 1 |a Detroit :  |b Wayne State University Press,  |c 1966. 
300 |a 178 pages ;  |c 23 cm. 
336 |a text  |b txt  |2 rdacontent 
337 |a unmediated  |b n  |2 rdamedia 
338 |a volume  |b nc  |2 rdacarrier 
504 |a Bibliography: pages 153-174. 
650 0 |a Education, Higher  |x History. 
650 0 |a Education  |z United States  |x History. 
999 |a MARS 
999 f f |s 2990e8e8-0ada-3b95-b05e-97ea1b5fdebc  |i 37a4d486-ec95-39b3-9789-2279cfb30d37  |t 0 
952 f f |p normal  |a Texas A&M University  |b College Station  |c Sterling C. Evans Library  |d Evans: Library Stacks  |t 0  |e LA226 .M25  |h Library of Congress classification  |i unmediated -- volume  |m A14800864867 
998 f f |a LA226 .M25  |t 0  |l Evans: Library Stacks